[Event "Athens PAO CC-ch 16th"]
[Site "Athens"]
[Date "2024.03.01"]
[Round "7"]
[White "Doukas, Nikolaos"]
[Black "Sparos, Orfeas"]
[Result "1/2-1/2"]
[WhiteElo "1189"]
[BlackElo "1338"]
[PlyCount "111"]
[EventDate "2024.01.19"]
[EventType "swiss"]
[EventRounds "7"]
[EventCountry "GRE"]
[SourceTitle "CB16_2024"]
[SourceDate "2024.04.17"]
[SourceVersion "1"]
[SourceVersionDate "2024.04.17"]
[SourceQuality "1"]

1. e4 e6 2. d4 d5 3. exd5 exd5 4. Nf3 Bd6 5. c4 Nf6 6. Nc3 Bb4 7. Bd3 dxc4 8. Bxc4 0-0 9. 0-0 Bg4 10. Be3 Nc6 11. Be2 Rb8 12. a3 Ba5 13. h3 Bh5 14. Ne5 Bxe2 15. Nxe2 Qd5 16. b4 Bb6 17. Nc3 Qe6 18. Nxc6 Qxc6 19. Rc1 Qd7 20. Na4 Nd5 21. Nxb6 axb6 22. Qd3 Ra8 23. Bd2 b5 24. Qg3 Rfd8 25. Bh6 g6 26. Qf3 c6 27. Rfd1 Qe6 28. Re1 Qf6 29. Qxf6 Nxf6 30. Bg5 Kg7 31. Re7 Rab8 32. Rd1 h6 33. Bf4 Ra8 34. Rxb7 Rxa3 35. Rc7 Rc3 36. Re1 g5 37. Be5 Rc4 38. Ra1 Kg6 39. Raa7 Rf8 40. Ra6 Nd5 41. Rcxc6+ f6 42. Rxc4 bxc4 43. Bd6 Rc8 44. Ra5 c3 45. Ra1 c2 46. Rc1 Kf5 47. Bc5 Ke4 48. Rxc2 Nxb4 49. Re2+ Kd3 50. Re3+ Kc4 51. Re6 Nd5 52. Kh2 h5 53. g4 h4 54. Rd6 Ra8 55. Rc6 Kd3 56. Rd6 1/2-1/2

[Event "Athens PAO CC-ch 16th"]
[Site "Athens"]
[Date "2024.02.09"]
[Round "4"]
[White "Sparos, Orfeas"]
[Black "Marianidis, Dimitrios"]
[Result "0-1"]
[WhiteElo "1338"]
[BlackElo "1544"]
[PlyCount "52"]
[EventDate "2024.01.19"]
[EventType "swiss"]
[EventRounds "7"]
[EventCountry "GRE"]
[SourceTitle "CB16_2024"]
[SourceDate "2024.04.17"]
[SourceVersion "1"]
[SourceVersionDate "2024.04.17"]
[SourceQuality "1"]

1. e4 c5 2. Nf3 d6 3. Bb5+ Bd7 4. Bxd7+ Nxd7 5. 0-0 Qc7 6. Qe2 e6 7. d4 cxd4 8. Nxd4 a6 9. c4 Rc8 10. b3 Ngf6 11. Nc3 b5 12. Ncxb5 axb5 13. Nxb5 Qb8 14. Bf4 e5 15. Bg5 Be7 16. Rfd1 0-0 17. Rd3 h6 18. h4 hxg5 19. hxg5 Nh7 20. Qg4 Nc5 21. Rh3 Nxg5 22. Rh2 Ncxe4 23. Qh5 f5 24. Nc3 Nxc3 25. g3 Qb7 26. Kf1 Qf3 0-1

[Event "Athens PAO CC-ch 16th"]
[Site "Athens"]
[Date "2024.02.02"]
[Round "3"]
[White "Kalonomos, Konstantinos"]
[Black "Sparos, Orfeas"]
[Result "0-1"]
[WhiteElo "810"]
[BlackElo "1338"]
[PlyCount "36"]
[EventDate "2024.01.19"]
[EventType "swiss"]
[EventRounds "7"]
[EventCountry "GRE"]
[SourceTitle "CB16_2024"]
[SourceDate "2024.04.17"]
[SourceVersion "1"]
[SourceVersionDate "2024.04.17"]
[SourceQuality "1"]

1. e4 e6 2. d4 d5 3. e5 c5 4. c3 Nc6 5. Nf3 Bd7 6. Be3 cxd4 7. cxd4 Qb6 8. Qd2 Rc8 9. Nc3 Nge7 10. Bd3 Nb4 11. 0-0 Nxd3 12. Qxd3 Qxb2 13. Rfc1 Qa3 14. Bd2 Nc6 15. Qb5 Na5 16. Qe2 Nc4 17. Be1 Bb4 18. Nb1 Qxc1 0-1

[Event "Petroupoli ASOP Dias Seniors op"]
[Site "Petroupoli"]
[Date "2014.04.12"]
[Round "4.8"]
[White "Mantzakouras, Loukas"]
[Black "Sparos, Orfeas"]
[Result "1-0"]
[WhiteElo "1366"]
[BlackElo "1089"]
[PlyCount "91"]
[EventDate "2014.03.22"]
[EventType "swiss"]
[EventRounds "7"]
[EventCountry "GRE"]
[SourceTitle "EXT 2024"]
[Source "ChessBase"]
[SourceDate "2023.10.10"]
[SourceVersion "1"]
[SourceVersionDate "2023.10.10"]
[SourceQuality "1"]

1. d4 Nf6 2. Nf3 d5 3. Bf4 Bf5 4. e3 e6 5. c4 c6 6. Nc3 Bd6 7. Bg3 a6 8. Qb3 Bxg3 9. hxg3 Ra7 10. cxd5 exd5 11. Be2 Nbd7 12. 0-0 0-0 13. Rac1 Qb6 14. Qxb6 Nxb6 15. Ne5 Nbd7 16. Nxd7 Nxd7 17. Na4 Rc8 18. Rc3 b5 19. Nc5 Nxc5 20. Rxc5 Kf8 21. Rfc1 Bd7 22. Bf3 f5 23. Bxd5 cxd5 24. Rxc8+ Bxc8 25. Rxc8+ Kf7 26. Rc6 Ke7 27. Kf1 Kd7 28. Rc5 Kd6 29. Ke2 Rc7 30. Rxc7 Kxc7 31. b4 Kb6 32. Kd3 a5 33. a3 a4 34. f3 Kc6 35. e4 fxe4+ 36. fxe4 g5 37. g4 h6 38. exd5+ Kxd5 39. g3 Kd6 40. Ke4 Ke6 41. d5+ Kd6 42. Kd4 Kc7 43. Kc5 Kd7 44. d6 Kd8 45. Kxb5 Kd7 46. Kc5 1-0

[Event "Petroupoli-ch"]
[Site "Petropouli"]
[Date "2014.02.15"]
[Round "4"]
[White "Sparos, Orfeas"]
[Black "Kiousis, Stavros"]
[Result "1-0"]
[WhiteElo "1110"]
[BlackElo "1000"]
[PlyCount "63"]
[EventDate "2014.01.25"]
[EventType "swiss"]
[EventRounds "7"]
[EventCountry "GRE"]
[SourceTitle "EXT 2015"]
[Source "ChessBase"]
[SourceDate "2014.11.20"]
[SourceVersion "1"]
[SourceVersionDate "2014.11.20"]
[SourceQuality "1"]

1. e4 c5 2. Nc3 d6 3. f4 g6 4. Nf3 Nf6 5. Bc4 Nxe4 6. Nxe4 d5 7. Bb5+ Bd7 8. Bxd7+ Nxd7 9. Nf2 Bg7 10. 0-0 0-0 11. d4 Qb6 12. c3 Nf6 13. Ne5 e6 14. Be3 c4 15. g4 Qd6 16. Qf3 h5 17. gxh5 Nxh5 18. Nfg4 f5 19. Nxg6 fxg4 20. Qxg4 Nf6 21. Qh4 Rfe8 22. Rf3 Kf7 23. Ne5+ Kg8 24. Rh3 Qb6 25. Rb1 Qd8 26. Rf1 Ne4 27. Qh7+ Kf8 28. f5 exf5 29. Rxf5+ Nf6 30. Rxf6+ Qxf6 31. Nd7+ Kf7 32. Nxf6 1-0

[Event "Petroupoli-ch"]
[Site "Petropouli"]
[Date "2014.02.01"]
[Round "2"]
[White "Sparos, Orfeas"]
[Black "Kosmadakis, Georgios"]
[Result "1-0"]
[WhiteElo "1110"]
[BlackElo "1000"]
[PlyCount "22"]
[EventDate "2014.01.25"]
[EventType "swiss"]
[EventRounds "7"]
[EventCountry "GRE"]
[SourceTitle "EXT 2015"]
[Source "ChessBase"]
[SourceDate "2014.11.20"]
[SourceVersion "1"]
[SourceVersionDate "2014.11.20"]
[SourceQuality "1"]

1. e4 e5 2. Nf3 f6 3. Bc4 Nc6 4. c3 Bc5 5. d4 Bb6 6. dxe5 fxe5 7. Nxe5 Nxe5 8. Qh5+ g6 9. Qxe5+ Qe7 10. Qxh8 Qxe4+ 11. Be2 Kf8 1-0